Logo Biblioteca

Los ojos de la noche / (Registro nro. 943)

Detalles MARC
000 -LEADER
fixed length control field 01273nam a22002777a 4500
003 - CONTROL NUMBER IDENTIFIER
control field AR-RoUNCS
005 - DATE AND TIME OF LATEST TRANSACTION
control field 20260306110322.0
007 - PHYSICAL DESCRIPTION FIXED FIELD--GENERAL INFORMATION
fixed length control field ta
008 - FIXED-LENGTH DATA ELEMENTS--GENERAL INFORMATION
fixed length control field 160804s2016 ag r 001 f spa
015 ## - NATIONAL BIBLIOGRAPHY NUMBER
National bibliography number AR-2016
020 ## - INTERNATIONAL STANDARD BOOK NUMBER
International Standard Book Number 978-950-46-4910-6
040 ## - CATALOGING SOURCE
Original cataloging agency AR-BaBN
Language of cataloging spa
Transcribing agency AR-RoUNCS
Description conventions aacr
044 ## - COUNTRY OF PUBLISHING/PRODUCING ENTITY CODE
MARC country code ag
ISO country code ar-c
080 1# - UNIVERSAL DECIMAL CLASSIFICATION NUMBER
Universal Decimal Classification number 82-312.4(82)
Edition identifier 2016
100 1# - MAIN ENTRY--PERSONAL NAME
Personal name Garland, Inés,
Dates associated with a name 1960-
Relator term autora
Relationship aut
245 14 - TITLE STATEMENT
Title Los ojos de la noche /
Statement of responsibility, etc. Inés Garland.
250 ## - EDITION STATEMENT
Edition statement 1a ed.
260 ## - PUBLICATION, DISTRIBUTION, ETC.
Place of publication, distribution, etc. Ciudad Autónoma de Buenos Aires :
Name of publisher, distributor, etc. Loqueleo,
Date of publication, distribution, etc. 2016.
300 ## - PHYSICAL DESCRIPTION
Extent 155 p. ;
Dimensions 22 cm.
490 0# - SERIES STATEMENT
Series statement Roja
520 3# - SUMMARY, ETC.
Summary, etc. Para olvidarse de Pablo, Dalila se va de viaje con su hermana y unas amigas a un campamento al sur de la Argentina. Allí se conecta con el paisaje idílico, el silencio y la naturaleza. Pero un día se pierde en el bosque y conoce a Tharo, por quien se siente atraída desde el primer instante. La presencia siniestra del señor Zasiok y su oscuro vínculo con el pasado de Tharo convierten esas vacaciones en una intensa aventura, donde el peligro de la noche está al constante acecho. (Descripción del editor)
650 #7 - SUBJECT ADDED ENTRY--TOPICAL TERM
Source of heading or term embne
Topical term or geographic name entry element Literatura argentina
655 #7 - INDEX TERM--GENRE/FORM
Genre/form data or focus term Novelas de suspense
Source of term embne
655 #7 - INDEX TERM--GENRE/FORM
Genre/form data or focus term Novelas juveniles
Source of term embne
942 ## - ADDED ENTRY ELEMENTS (KOHA)
Source of classification or shelving scheme Universal Decimal Classification
Koha item type Obra General
Suppress in OPAC No
Existencias
Withdrawn status Lost status Source of classification or shelving scheme Damaged status Not for loan Collection Home library Current library Date acquired Total checkouts Full call number Barcode Date last seen Price effective from Koha item type
    Universal Decimal Classification     Colección General Biblioteca Escuela de Ciencias Sociales Biblioteca Escuela de Ciencias Sociales 05/08/2024   82-312.4(82) G233 001087 05/08/2024 05/08/2024 Obra General
Biblioteca de la Escuela Preuniversitaria en Ciencias Sociales y Humanísticas.
Riobamba 250 bis.
CP 2000 - Rosario - Santa Fe
E-Mail: biblioteca@esociales.unr.edu.ar